Heřmaň : (dějiny obce a života zdejších obyvatel) : turistický průvodce krajem Václava Kršky a Jana Čarka /

Hlavní autor: Matoušová, Věra, 1976-
Další autoři: Matouš, Petr, 1974-
Jazyk: Čeština
Vydáno: Heřmaň : [Obecní úřad Heřmaň], 2008
Témata:
Fyzický popis: 138 s. : il. (převážně barev.), portréty, faksim. ; 23 cm
Knihy
Uloženo v:
LEADER 01526nam a2200397 a 4500
001 nkc20081814104
003 CZ PrNK
005 20220316110919.0
007 ta
008 081030s2008 xr ach f 000 0 cze
015 |a cnb001814104 
020 |a 978-80-254-2668-5  |q (brož.) :  |c neprodejné 
035 |a (OCoLC)316298209 
040 |a ABA001  |b cze 
043 |a e-xr---  |b e-xr-jc  |2 czenas 
072 7 |a 908(437)  |x Vlastivěda Česka a Slovenska  |2 Konspekt  |9 8 
080 |a 94(437.319)  |2 MRF 
080 |a 908(437.319)  |2 MRF 
080 |a (048.8)  |2 MRF 
100 1 |a Matoušová, Věra,  |d 1976-  |7 mzk2008479412  |4 aut 
245 1 0 |a Heřmaň :  |b (dějiny obce a života zdejších obyvatel) : turistický průvodce krajem Václava Kršky a Jana Čarka /  |c Věra Matoušová, Petr Matouš 
260 |a Heřmaň :  |b [Obecní úřad Heřmaň],  |c 2008 
300 |a 138 s. :  |b il. (převážně barev.), portréty, faksim. ;  |c 23 cm 
500 |a 400 výt. 
504 |a Obsahuje bibliografii 
651 7 |a Heřmaň (Písek, Česko)  |7 ge338268  |x dějiny  |2 czenas 
651 7 |a Heřmaň (Písek, Česko)  |7 ge338268  |x vlastivěda  |2 czenas 
651 9 |a Heřmaň (Písek, Czechia)  |x history  |2 eczenas 
655 7 |a monografie  |7 fd132842  |2 czenas 
655 9 |a monographs  |2 eczenas 
700 1 |a Matouš, Petr,  |d 1974-  |7 ola2003165571  |4 aut  |4 pht 
910 2 |a BOA001  |b 2-1206.963 
990 |a BK 
995 |a 01 
991 |b 200811  |c NOV 
996 6 |b 2610358707  |c 2-1206.963  |l MZK  |r Sklad / do 1 hodiny  |n 0  |p p.v.  |w 000917992  |u 000010  |a 1  |e BOA001  |j MZK50  |s P